Normal view
MARC view
Entry Topical Term
001 - CONTROL NUMBER
- control field: 31749
003 - CONTROL NUMBER IDENTIFIER
- control field: OSt
005 - DATE AND TIME OF LATEST TRANSACTION
- control field: 20231013095510.0
008 - FIXED-LENGTH DATA ELEMENTS
- fixed length control field: 231013|| aca||aabn | a|a d
040 ## - CATALOGING SOURCE
- Original cataloging agency: OSt
- Transcribing agency: OSt
150 ## - HEADING--TOPICAL TERM
- Topical term or geographic name entry element: မြန်မာ့သမိုင်း
670 ## - SOURCE DATA FOUND
- Source citation: Work cat.: (OSt)17583: သန်းထွန်း၊ ဒေါက်တာ 11525, ခေတ်ဟောင်းမြန်မာရာဇဝင် /, ၂၀၁၇။